La bella durmiente del bosque

Wedi'i Gadw mewn:
Manylion Llyfryddiaeth
Fformat: Llyfr
Iaith:Sbaeneg
Cyhoeddwyd: Barcelona Molino 1984
Cyfres:Colección Mis Primeros Cuentos, 2
Pynciau:
Tagiau: Ychwanegu Tag
Dim Tagiau, Byddwch y cyntaf i dagio'r cofnod hwn!

MARC

LEADER 00000nam a2200000 a 4500
001 UCL2587
003 CL-VaPUC
005 20250404102232.0
008 031024e19840000SP |||||||||||||||||spa|d
999 |c 305866  |d 305864 
020 |a 8427271026 
040 |c Pontificia Universidad Católica de Valparaíso 
082 0 4 |a 808.068  |b BEL  |2 21 
245 1 3 |a La bella durmiente del bosque 
260 |a Barcelona  |b Molino  |c 1984 
300 |a pág. irreg 
490 0 |a Colección Mis Primeros Cuentos, 2 
583 |a last modification  |c 20031024 00:00:00  |k Rodrigo Vera 
650 0 |a Literatura infantil   |9 307465  |x Cuentos 
942 |c BK  |2 ddc 
945 |d 20031024 00:00:00  |a cmena 
952 |0 0  |1 0  |4 0  |6 808_068000000000000_BEL_1984  |7 0  |8 A  |9 370347  |a BIBEDU  |b BIBEDU  |d 2019-11-21  |i 3936910  |l 1  |o 808.068 BEL 1984  |p 3936910  |r 2024-03-26  |s 2024-03-19  |w 2019-11-21  |y BK  |k EPE 
952 |0 0  |1 0  |4 0  |6 808_068000000000000_BEL_1984  |7 0  |8 A  |9 370348  |a BIBEDU  |b BIBEDU  |d 2019-11-21  |i 3936929  |o 808.068 BEL 1984  |p 3936929  |r 2019-11-21  |w 2019-11-21  |y BK  |k EPE